|
|
|
|
| LEADER |
00927nam a2200253 a 4500 |
| 001 |
3053480 |
| 008 |
090531s1997 nyua 001 0 eng d |
| 010 |
|
|
|a 96032457
|
| 020 |
|
|
|a 8173712328
|
| 020 |
|
|
|a 0553067346
|
| 040 |
|
|
|a DLC
|c DLC
|d DLC
|
| 082 |
0 |
0 |
|a 658.15/54
|2 20
|
| 999 |
|
|
|c 1185
|d 1185
|
| 999 |
|
|
|c 1185
|
| 100 |
1 |
|
|a Cross, Robert G.
|9 1444
|
| 245 |
1 |
0 |
|a Revenue management :
|b hard-core tactics for market domination /
|c Robert G. Cross.
|
| 260 |
|
|
|a New York :
|b Broadway Books ;
|a Hyderabad :
|b University Press,
|c c1997.
|
| 300 |
|
|
|a xii, 276 p. :
|b ill. ;
|c 24 cm.
|
| 500 |
|
|
|a Includes index.
|
| 541 |
1 |
|
|e 00011645
|
| 650 |
|
0 |
|a Revenue management
|z United States.
|9 1445
|
| 852 |
4 |
|
|a Ayesha Abed Library
|j General shelf
|
| 942 |
|
|
|2 ddc
|c BK
|
| 952 |
|
|
|0 0
|1 0
|2 ddc
|4 0
|6 658_155400000000000_CRO
|7 0
|9 1071
|a BRACUL
|b BRACUL
|c GEN
|d 2009-06-24
|g 277.00
|l 1
|m 17
|o 658.1554 CRO
|p 3010011645
|r 2019-10-02
|s 2019-06-10
|t 1
|w 2009-06-24
|y BK
|